Espai Natural de les Guilleries-Savassona : itineraris senyalitzats itineraris senyalitzats
Descripción Física:
1 fulletó desplegable : il. col. ; 31 x 28 cm
Materias:
Espai Natural de les Guilleries-Savassona (Catalunya) -- Guies
; Espais Naturals -- Catalunya
; Guilleries (Catalunya : Massís)
Idioma:
Catalán
MARC
| LEADER | 00000nam a22000007a 4500 | ||
|---|---|---|---|
| 003 | Arxiu | ||
| 005 | 20260324181100.0 | ||
| 008 | 220426b spa||||| |||| 00| 0 cat d | ||
| 017 | |a DL B 23566-2019 | ||
| 080 | |a FU-68-4 | ||
| 110 | 1 | |a Espai Natural de les Guilleries-Savassona (Catalunya) |9 52664 | |
| 245 | |a Espai Natural de les Guilleries-Savassona : |b itineraris senyalitzats | ||
| 250 | |a Primera edició | ||
| 260 | |a Barcelona : |b Diputació de Barcelona. Xarxa de Parcs Naturals, |c 2019 | ||
| 300 | |a 1 fulletó desplegable : |b il. col. ; |c 31 x 28 cm | ||
| 500 | |a Conté plànol d'itineraris senyalitzats i consells útils d'estada a l'Espai Natural de les Guilleries-Savassona. | ||
| 610 | 0 | |9 52678 |a Espai Natural de les Guilleries-Savassona (Catalunya) |v Guies | |
| 650 | 0 | |9 49616 |a Espais Naturals |x Catalunya | |
| 651 | 0 | |9 51047 |a Guilleries (Catalunya : Massís) | |
| 710 | 1 | |a Barcelona (Catalunya : Província). |b Xarxa de Parcs Naturals |9 7250 | |
| 942 | |2 udc |n 1 |c ARXIU | ||
| 952 | |0 0 |1 0 |4 0 |6 FU684 |7 1 |9 61373 |a Arxiu |b Arxiu |d 2022-04-26 |l 0 |o FU-68-4 |p 25299 |r 2022-04-26 00:00:00 |w 2022-04-26 |y ARXIU | ||
| 999 | |c 81329 |d 81329 | ||